| 000 | 00890cab a2200241 4500 | ||
|---|---|---|---|
| 001 | ABS54572 | ||
| 008 | 090401t1996 xxu||||| |||| 00| 0 eng d | ||
| 035 | _a(Sirsi) u11156 | ||
| 041 | _aeng | ||
| 100 | _aTaylor, P. | ||
| 245 | _aMaking Argyle keep shop open | ||
| 260 | _c1996 | ||
| 350 | _a0 | ||
| 490 |
_aEstates Times _v(1311) 9 February 1996, 8 (1313) 23 February 1996, |
||
| 520 | _aConsiders the issues involved in the court`s decision in "Co-operative Insurance Society Co Ltd v Argyll Stores (Holdings) Ltd" (WB3201-46) ordering a tenant to continue trading under a keep open covenant. See also ABS54367. | ||
| 650 | _aCO-OPERATIVE INSURANCE SOCIETY LTD V ARGYLL STORES (HOLDINGS) LTD | ||
| 650 | _aKEEP OPEN COVENANTS | ||
| 650 | _aLEASES | ||
| 650 | _aSPECIFIC PERFORMANCE | ||
| 690 | _aLANDLORD AND TENANT-BUSINESS TENANCIES | ||
| 942 | _n0 | ||
| 948 | _c04/03/1997 | ||
| 999 |
_c7101 _d7101 |
||